Pun Fun III Quiz Stats

Quiz Updated Mar 22, 2015

Also try: Pun Fun II
Challenge
Share
Tweet
Embed
Score 0/20 Timer 05:00
15 Plays Today
% Correct
Then it hit me.
96.9%
They're always up to something
96.3%
B-negative
95.4%
He thought he would get a kick out of it.
95%
You have seen a mall.
94.6%
She thought she'd dye.
94.4%
It's sweeping the nation.
93.5%
I can hardly contain myself.
93.3%
It was pointless.
93.2%
I thought it was a nice jester.
92%
% Correct
She rubbed me the wrong way.
91.8%
He was charged with stalking.
91.7%
I couldn't find any.
90.1%
In a manor of speaking.
90%
Don't feed the animals; They are already stuffed.
89%
Someone with a great sense of rumor.
86.4%
'Did you get my drift?'
86.2%
He was exposed in the end.
86%
Then she broke it off.
85.4%
Really, it was just a play on words.
83.5%

You're not logged in!

Compare scores with friends on all Sporcle quizzes.
Sign Up with Email
OR
Log In

You Might Also Like...

Show Comments

Extras

Top Quizzes Today


Score Distribution

Your Account Isn't Verified!

In order to create a playlist on Sporcle, you need to verify the email address you used during registration. Go to your Sporcle Settings to finish the process.